000 01025nam a22002537a 4500
999 _c64947
_d64947
005 20240530110759.0
008 190117s2015 ua a f b 000 0|ara d
017 _a2014/22323
_bمصر. دار الكتب
020 _a9789779100401
040 _aEG-CaGPL
_cEG-CaGPL
082 0 4 _221
_a407.7 /
_bق/س ق
100 0 _aسامح مقار
245 1 0 _aقاموس اللغة المصرية العصر الوسيط :
_bهيروغليفى - عربى /
_cسامح مقار ؛ تقديم عبدالحليم نور الدين
250 _aط.1
260 _aالقاهرة :
_bالهيئة المصرية العامة للكتاب،
_c2017.
300 _a2 مج :
_bايض ؛
_c24 سم.
504 _aيشتمل على ارجاعات ببليوجرافية
650 0 7 _2qrmak
_aاللغة الهيروغليفية
650 0 7 _2qrmak
_aالنقوش المسمارية
651 _2qrmak
700 0 _aعبدالحليم نور الدين
_eمقدم
942 _2ddc
_cBK